000 02744cam a22005054a 4500
001 15000059
005 20101027094241.0
008 070830s2008 nyua b 001 0 eng
010 _a2007036095
015 _aGBA768198
_2bnb
016 7 _a101315452
_2DNLM
016 7 _a013828424
_2Uk
020 _a0071496246 (pbk. : alk. paper)
020 _a9780071496247 (pbk. : alk. paper)
035 _a(OCoLC)ocn171150997
040 _aDNLM/DLC
_cDLC
_dNLM
_dBAKER
_dC#P
_dYDXCP
_dUKM
_dBTCTA
_dCDX
_dQBX
_dDLC
042 _apcc
082 0 0 _a616.3
_222
_bJOH
100 1 _aJohnson, Joyce Young.
_923950
245 1 0 _aFluids and Electrolytes Demystified /
_cJoyce Y. Johnson, with contributions by Edward Lyons, Bennita W. Vaughans.
260 _aNew York :
_bMcGraw-Hill Medical, 2008
_cc2008.
300 _axx, 227 p. :
_bill. ;
_c24 cm.
490 1 _aDemystified
_923951
500 _a"A self-teaching guide"--Cover.
504 _aIncludes bibliographical references (p. [211]-212) and index.
505 0 _aKey elements underlying fluid and electrolyte balance -- Key elements underlying acid-base balance -- General nursing assessments and diagnostic tests related to fluid, electrolyte, and acid-base balance -- Fluid volume imbalances -- Sodium imbalances -- Potassium imbalances -- Calcium imbalances -- Magnesium imbalances -- Phosphorus imbalances -- Acid-base imbalances -- Multi-system conditions related to fluid, electrolyte, and acid-base imbalances -- Conditions resulting in fluid, electrolyte, and acid-base imbalances.
541 _aDr. Shahrazad ;
650 0 _aWater-electrolyte imbalances.
_923952
650 0 _aWater-electrolyte balance (Physiology)
_923953
650 1 2 _aWater-Electrolyte Balance.
_923954
650 2 2 _aAcid-Base Equilibrium.
_923955
650 2 2 _aAcid-Base Imbalance.
_923956
650 2 2 _aBody Fluids
_xphysiology.
_923957
650 2 2 _aWater-Electrolyte Imbalance.
_923958
653 _aNursing
_bNUR
_cMay2011
700 1 _aLyons, Edward,
_cPh. D.
_923959
700 1 _aVaughans, Bennita W.
_923960
830 0 _aMcGraw-Hill "Demystified" series.
_923961
856 4 1 _3Table of contents only
_uhttp://www.loc.gov/catdir/enhancements/fy0804/2007036095-t.html
856 4 2 _3Contributor biographical information
_uhttp://www.loc.gov/catdir/enhancements/fy0804/2007036095-b.html
856 4 2 _3Publisher description
_uhttp://www.loc.gov/catdir/enhancements/fy0804/2007036095-d.html
942 _2ddc
_cNRB
999 _c15336
_d15336